000 00301nam a22001337a 4500
008 170904b xxu||||| |||| 00| 0 eng d
020 _a9780321844415
041 _aeng
080 _a070
100 _a40
101 _aMED
245 _aIN CONCERT READING AND WRITING
_cWHORTER,K.T
942 _2udc
_cBK
999 _c25977
_d25977